| 000 | 00909nam a2200229 a 4500 | ||
|---|---|---|---|
| 005 | 20250724150006.0 | ||
| 008 | 180409b bul|||||r ||||||| ||bul|| | ||
| 020 | _a978-619-245-484-5 | ||
| 040 | _aBLK | ||
| 041 |
_aBUL _cBUL |
||
| 080 |
_aБългарска литература _b821.163.2 _x-32 _z821.163.2-32 |
||
| 100 | 1 |
_aЗарев, Владимир Пантелеев _eпърви автор _gПантев, Владимир Пантелеев _9277642 |
|
| 139 |
_aЗарев, Владимир Пантелеев _bЗ 34 |
||
| 245 | 1 | 0 |
_aДунавски новели _cВладимир Зарев. |
| 250 | _a[2. изд.] | ||
| 257 | _aBGR | ||
| 260 |
_aСофия _bАкад. изд. Проф. Марин Дринов _c2024 _9209388 _n978-954-322- ; 954-430- |
||
| 300 |
_a391 с. _c22 см |
||
| 380 | _aX | ||
| 500 | _a1. изд. 1974 на изд. Нар. младеж | ||
| 942 |
_cKNG _n0 _s1 |
||
| 999 |
_c547209 _d547209 |
||
| 944 |
_a30545 _cНора Радева _k30545 _lНора Радева |
||